[Event "Münster II - Elberfeld"]
[Site "?"]
[Date "2024.01.28"]
[Round "5.8"]
[White "Kamp, Aaron"]
[Black "Neuer, Thomas"]
[Result "1-0"]
[WhiteElo "1972"]
[BlackElo "2102"]
[PlyCount "81"]
[EventDate "2024.??.??"]

1. e4 e6 2. Nf3 d5 3. Nc3 Nc6 4. e5 f6 5. exf6 Nxf6 6. d4 a6 7. Bf4 Bd6 8. Be5 O-O 9. Bd3 Nb4 10. a3 Nxd3+ 11. Qxd3 c5 12. Ng5 g6 13. f4 cxd4 14. Qxd4 Bxe5 15. fxe5 Nh5 16. Nh3 Bd7 17. O-O-O Rc8 18. Nxd5 Bc6 19. Ne3 Qxd4 20. Rxd4 Ng7 21. Rd2 Nf5 22. Ng4 Nh4 23. Nf6+ Rxf6 24. exf6 Bxg2 25. Rxg2 Nxg2 26. Ng5 h6 27. Ne4 Rd8 28. Rf1 Ne3 29. Re1 Nf5 30. Nc5 Kf7 31. Nxb7 Rd5 32. c4 Rd4 33. c5 Rc4+ 34. Kd2 Kxf6 35. Kd3 Rd4+ 36. Kc3 Rf4 37. c6 Ne7 38. Nc5 e5 39. Nd7+ Ke6 40. Nxe5 Kd6 41. Nc4+ 1-0

[Event "Letmathe - Brackel II"]
[Site "?"]
[Date "2024.02.18"]
[Round "6.1"]
[White "Korten, Lando"]
[Black "Haub, Thorsten Michael"]
[Result "0-1"]
[WhiteElo "2224"]
[BlackElo "2339"]
[PlyCount "138"]
[EventDate "2024.??.??"]

1. d4 d6 2. c4 Nd7 3. Nc3 e5 4. d5 Be7 5. e4 Bg5 6. Nf3 Bxc1 7. Rxc1 a5 8. a3 Ne7 9. b4 axb4 10. axb4 O-O 11. Be2 f5 12. Nd2 Ng6 13. exf5 Nh4 14. g3 Nxf5 15. Nb3 Nf6 16. O-O Nh6 17. Nd2 Qe7 18. Nde4 Bf5 19. Bf3 Bxe4 20. Nxe4 Nf5 21. Qd3 Nd4 22. Bg2 Ra4 23. Rce1 Rxb4 24. Ng5 Qe8 25. f4 Qg6 26. Qxg6 hxg6 27. fxe5 dxe5 28. Rxe5 Rxc4 29. d6 cxd6 30. Re7 Rc5 31. Ne6 Nxe6 32. Rxe6 d5 33. Rd6 Re8 34. Rd1 Re5 35. Rb6 Rc2 36. Bf3 Re3 37. Rf1 Rc7 38. Rd6 Rd3 39. Bg2 Rd2 40. Bf3 Rcc2 41. Rb1 b5 42. Rb6 Rxh2 43. R6xb5 Rhd2 44. Re1 Rc3 45. Rf1 g5 46. g4 Rcc2 47. Rb4 Kh7 48. Ra1 Kh6 49. Rb6 Rd4 50. Rd6 Kh7 51. Ra7 Rf4 52. Bxd5 Rxg4+ 53. Kf1 Rb4 54. Ra1 Rf4+ 55. Kg1 Kh6 56. Rd1 g4 57. Bg2 Rb4 58. R6d2 Rbb2 59. Rxc2 Rxc2 60. Rd4 Kg5 61. Ra4 Rb2 62. Rd4 Nh5 63. Ra4 Nf4 64. Be4 Kh4 65. Ra7 Ne2+ 66. Kf2 Ng3+ 67. Ke3 Re2+ 68. Kd3 Rxe4 69. Rxg7 Re8 0-1

[Event "Letmathe - Brackel II"]
[Site "?"]
[Date "2024.02.18"]
[Round "6.2"]
[White "Bosch, Jeroen"]
[Black "Garbuz, Vitaliy"]
[Result "1-0"]
[WhiteElo "2413"]
[BlackElo "2158"]
[PlyCount "173"]
[EventDate "2024.??.??"]

1. d4 d5 2. c4 e6 3. Nf3 Nf6 4. Qc2 dxc4 5. Qxc4 a6 6. Bg5 b5 7. Qc2 Bb7 8. Nbd2 Nbd7 9. Ne5 Nxe5 10. dxe5 h6 11. Bh4 g5 12. Bg3 Nd5 13. a3 c5 14. h4 gxh4 15. Rxh4 Be7 16. Rh5 Qa5 17. e3 c4 18. Be2 Rd8 19. Rd1 Rg8 20. Rh3 Nb6 21. Kf1 Qa4 22. Qc1 Nd7 23. Nb1 Nxe5 24. Rxd8+ Bxd8 25. Nc3 Qa5 26. Rxh6 Nd7 27. Qd1 Be7 28. Bh5 Nf6 29. Bf3 Qb6 30. Be5 Nd7 31. Bg3 Bc6 32. Qc2 Nf6 33. Bh4 Bxf3 34. gxf3 Qd8 35. Ke2 Nd5 36. Bxe7 Kxe7 37. Rh1 Rg2 38. Rd1 Nxc3+ 39. bxc3 Qc7 40. Qe4 Rg8 41. Qh4+ Ke8 42. Qe4 Ke7 43. Qh4+ Ke8 44. Qh7 Kf8 45. f4 Rg6 46. Qh8+ Ke7 47. Qh4+ Ke8 48. Rd4 Rg1 49. Qf6 Rg6 50. Qh8+ Ke7 51. Qh4+ Ke8 52. Qh1 Kf8 53. Qa8+ Kg7 54. Qe8 Qc5 55. Rd8 Qh5+ 56. Kd2 Qh2 57. Qf8+ Kf6 58. Qh8+ Qxh8 59. Rxh8 e5 60. Ra8 Kf5 61. Ra7 Rf6 62. fxe5 Kxe5 63. Ke2 Kd5 64. f4 Kc5 65. Kf3 Kb6 66. Rd7 Ka5 67. e4 Ka4 68. e5 Rb6 69. Rxf7 a5 70. f5 Kxa3 71. e6 Rb8 72. e7 Re8 73. f6 b4 74. Rf8 bxc3 75. Rxe8 c2 76. Rb8 c1=Q 77. e8=Q Qf1+ 78. Ke3 Qe1+ 79. Kd4 Qd2+ 80. Kxc4 Qc2+ 81. Kd5 Qd3+ 82. Ke5 Qe3+ 83. Kd6 Qd4+ 84. Ke7 a4 85. Qd8 Qe5+ 86. Kf8 Qd5 87. Qe7+ 1-0

[Event "Letmathe - Brackel II"]
[Site "?"]
[Date "2024.02.18"]
[Round "6.3"]
[White "Wuebker, Paul-Luca"]
[Black "Schleining, Zoya"]
[Result "1/2-1/2"]
[WhiteElo "2255"]
[BlackElo "2332"]
[PlyCount "99"]
[EventDate "2024.??.??"]

1. d4 d6 2. e4 Nf6 3. f3 c5 4. dxc5 Qa5+ 5. Bd2 Qxc5 6. c4 g6 7. Nc3 Bg7 8. Rc1 O-O 9. Nge2 Be6 10. Nf4 Nbd7 11. h4 Ne5 12. b3 h5 13. Qe2 Rac8 14. Qf2 Qxf2+ 15. Kxf2 Bd7 16. Be3 b6 17. Be2 Bc6 18. Rhd1 Rfd8 19. Rd2 Ned7 20. Ncd5 Kf8 21. Rh1 Bb7 22. g3 Nc5 23. Nxf6 Bxf6 24. Nd5 Bg7 25. Bg5 Re8 26. Bf1 Bxd5 27. exd5 Bc3 28. Rd1 e5 29. dxe6 Rxe6 30. Bf4 Rce8 31. Bxd6+ Kg8 32. Bxc5 bxc5 33. Bd3 Ra6 34. Bb1 Bd4+ 35. Rxd4 cxd4 36. Rd1 Rd8 37. Rd2 f5 38. f4 Kf8 39. Bd3 Ke7 40. Bf1 Ra3 41. Rc2 Kd6 42. c5+ Kc6 43. Bg2+ Kc7 44. Bf3 a5 45. Rb2 Re8 46. Bd5 Re7 47. Rd2 Rd7 48. Be6 Re7 49. Bd5 Rd7 50. Be6 1/2-1/2

[Event "Letmathe - Brackel II"]
[Site "?"]
[Date "2024.02.18"]
[Round "6.4"]
[White "Soukup, Jiri"]
[Black "Kracht, Raphael"]
[Result "0-1"]
[WhiteElo "2339"]
[BlackElo "2176"]
[PlyCount "72"]
[EventDate "2024.??.??"]

1. d4 Nf6 2. c4 e6 3. Nf3 Bb4+ 4. Nc3 O-O 5. g3 d5 6. Bg2 dxc4 7. O-O Nc6 8. a3 Be7 9. e4 Rb8 10. h3 b5 11. Be3 a6 12. Qe2 Bb7 13. Rad1 Na5 14. Ne5 c5 15. dxc5 Qc7 16. Bf4 g5 17. Bxg5 Qxe5 18. Bf4 Qh5 19. g4 Qg6 20. Bxb8 Rxb8 21. e5 Nd5 22. Nxd5 Bxd5 23. Bxd5 exd5 24. Rxd5 Nb3 25. Rd7 Bxc5 26. Rfd1 Bf8 27. Rc7 Nc5 28. Qe3 Nd3 29. e6 Qxe6 30. Qxe6 fxe6 31. Rd2 Bh6 32. Re2 e5 33. Rc6 Bc1 34. Rxa6 Bxb2 35. Rc2 Bd4 36. Ra5 Bb6 0-1

[Event "Letmathe - Brackel II"]
[Site "?"]
[Date "2024.02.18"]
[Round "6.5"]
[White "Stemmler, Fabian"]
[Black "Mollema, Thomas"]
[Result "1/2-1/2"]
[WhiteElo "2137"]
[BlackElo "2225"]
[PlyCount "124"]
[EventDate "2024.??.??"]

1. e4 e5 2. Nf3 Nf6 3. Nxe5 d6 4. Nf3 Nxe4 5. d3 Nf6 6. d4 d5 7. Bd3 Bd6 8. Qe2+ Qe7 9. Qxe7+ Kxe7 10. O-O h6 11. Re1+ Be6 12. Nc3 c6 13. Ne2 Nbd7 14. Nf4 Bxf4 15. Bxf4 Rhe8 16. Re2 Kf8 17. Rae1 Bg4 18. Rxe8+ Rxe8 19. Rxe8+ Nxe8 20. Ne5 Nxe5 21. Bxe5 Ke7 22. f3 Be6 23. Kf2 f6 24. Bb8 a6 25. Ba7 Kf7 26. Bc5 g6 27. g4 Ng7 28. Ke3 Bd7 29. Kd2 f5 30. Be2 fxg4 31. fxg4 Ne6 32. Kc3 Nf4 33. Bf3 Nh3 34. Kb4 Nf2 35. g5 hxg5 36. Ka5 Bg4 37. Bg2 Nd1 38. Bf1 Ne3 39. Bd3 Bf5 40. Kb6 Bxd3 41. cxd3 Ke6 42. Kxb7 Ng4 43. Kxa6 Nxh2 44. Kb7 g4 45. a4 g3 46. a5 g2 47. a6 g1=Q 48. a7 Qf2 49. a8=Q Qxb2+ 50. Kxc6 Kf5 51. Qc8+ Kf4 52. Bd6+ Ke3 53. Qe6+ Kxd3 54. Qh3+ Kc4 55. Bxh2 Qb5+ 56. Kc7 Qa5+ 57. Kd7 Qb5+ 58. Kd8 Qb6+ 59. Bc7 Qf6+ 60. Kd7 Qf5+ 61. Qxf5 gxf5 62. Ke6 Kxd4 1/2-1/2

[Event "Letmathe - Brackel II"]
[Site "?"]
[Date "2024.02.18"]
[Round "6.6"]
[White "Gruermann, Martin"]
[Black "Elier, Ali"]
[Result "0-1"]
[WhiteElo "2220"]
[BlackElo "2157"]
[PlyCount "92"]
[EventDate "2024.??.??"]

1. e4 e5 2. d4 exd4 3. c3 Qe7 4. cxd4 Qxe4+ 5. Be3 Nf6 6. Nc3 Bb4 7. Nf3 Nd5 8. Qd2 Nxe3 9. fxe3 Qe7 10. Bd3 d5 11. O-O Nd7 12. Qf2 Nf6 13. Ne5 c6 14. Qg3 O-O 15. Qh4 h6 16. Rf3 Ng4 17. Qh5 Nxe5 18. dxe5 Qg5 19. Qxg5 hxg5 20. Raf1 Bd7 21. Rg3 Bc5 22. Bf5 Rad8 23. Bxd7 Rxd7 24. Rf5 Be7 25. Ne2 Re8 26. h4 g6 27. Rff3 gxh4 28. e6 Rf8 29. Rg4 Rd6 30. Nd4 c5 31. exf7+ Kh7 32. Ne2 Kg7 33. g3 hxg3 34. Nxg3 Rxf7 35. Nh5+ Kf8 36. Nf4 g5 37. Rh3 Bf6 38. Ne2 Bxb2 39. Rxg5 Rg7 40. Rf3+ Ke7 41. Rxg7+ Bxg7 42. Ng3 Rg6 43. Kf1 Be5 44. Nf5+ Ke6 45. Ke2 Rg2+ 46. Kd3 c4# 0-1

[Event "Letmathe - Brackel II"]
[Site "?"]
[Date "2024.02.18"]
[Round "6.7"]
[White "Bartelt, Max Peter"]
[Black "Pfleger, Sascha"]
[Result "0-1"]
[WhiteElo "2065"]
[BlackElo "2038"]
[PlyCount "148"]
[EventDate "2024.??.??"]

1. d4 e6 2. Nf3 c5 3. e4 cxd4 4. Nxd4 a6 5. Be3 Nf6 6. Nd2 Qc7 7. Bd3 Nc6 8. c3 Be7 9. O-O Ne5 10. Be2 Ng6 11. f4 O-O 12. g4 e5 13. fxe5 Qxe5 14. Rf5 Qc7 15. g5 Ne8 16. Qb3 b5 17. Raf1 Nd6 18. R5f2 Bb7 19. Nf5 Nxf5 20. Rxf5 Ne5 21. Bd4 Bc5 22. Kg2 d6 23. R1f4 Bc8 24. Bf3 Bxf5 25. exf5 Bxd4 26. Rxd4 Qe7 27. Ne4 Nxf3 28. Kxf3 Rfe8 29. Qc2 Rad8 30. Qg2 Kh8 31. Qg4 d5 32. Ng3 Qe5 33. Kg2 Rc8 34. g6 fxg6 35. fxg6 h6 36. Qd7 Qe6 37. Qb7 Re7 38. Qxd5 Qxg6 39. Rf4 Qc6 40. Rf8+ Kh7 41. Qxc6 Rxc6 42. Rf4 g5 43. Rd4 Kg6 44. a4 bxa4 45. Rxa4 Rb7 46. b4 Re7 47. Kf2 Rf6+ 48. Kg2 h5 49. Ra2 Re3 50. Re2 Rxe2+ 51. Nxe2 g4 52. c4 Rf3 53. h3 Rb3 54. hxg4 hxg4 55. Nf4+ Kf5 56. Nd5 Ke5 57. Ne7 Kd4 58. b5 axb5 59. cxb5 Ke5 60. b6 Kf4 61. Nd5+ Kg5 62. Kf2 Rb5 63. Ne3 Rxb6 64. Ng2 Rf6+ 65. Kg3 Rf3+ 66. Kh2 Rh3+ 67. Kg1 Kf5 68. Kf1 Ke4 69. Kf2 Rf3+ 70. Kg1 Kd3 71. Ne1+ Ke2 72. Ng2 Rg3 73. Kh2 Kf2 74. Kh1 Rh3# 0-1

[Event "Letmathe - Brackel II"]
[Site "?"]
[Date "2024.02.18"]
[Round "6.8"]
[White "Tomiczny, Darius"]
[Black "Seref, Erdogan"]
[Result "0-1"]
[WhiteElo "2010"]
[BlackElo "1943"]
[PlyCount "46"]
[EventDate "2024.??.??"]

1. Nf3 d5 2. g3 Nf6 3. Bg2 Bg4 4. d3 Nc6 5. Nbd2 e5 6. h3 Be6 7. O-O Bc5 8. e3 Qd7 9. Kh2 h5 10. Ng5 Bg4 11. Bf3 O-O-O 12. Nb3 Bb6 13. Kg2 Bf5 14. Rb1 Kb8 15. Bd2 h4 16. g4 Bg6 17. Re1 e4 18. dxe4 dxe4 19. Be2 Qd5 20. f4 exf3+ 21. Nxf3 Qd6 22. Rh1 Qg3+ 23. Kf1 Be4 0-1

[Event "Elberfeld - Bielefeld"]
[Site "?"]
[Date "2024.02.18"]
[Round "6.1"]
[White "Forchert, Martin"]
[Black "Odendahl, Reiner"]
[Result "1/2-1/2"]
[WhiteElo "2310"]
[BlackElo "2278"]
[PlyCount "40"]
[EventDate "2024.??.??"]

1. e4 c5 2. Nf3 d6 3. d4 cxd4 4. Nxd4 Nf6 5. Nc3 a6 6. Be2 e6 7. a4 Nc6 8. O-O Be7 9. Be3 O-O 10. f4 Qc7 11. Kh1 Re8 12. Bg1 Bd7 13. Nb3 b6 14. Qd3 Bc8 15. Rae1 Bb7 16. Qg3 Rac8 17. Bd3 Nd7 18. Qh3 Nb4 19. Nd4 Nxd3 20. cxd3 Bf6 1/2-1/2

[Event "Elberfeld - Bielefeld"]
[Site "?"]
[Date "2024.02.18"]
[Round "6.2"]
[White "Volkov, Mykyta"]
[Black "Gruen, Gerd-Peter"]
[Result "1-0"]
[WhiteElo "2259"]
[BlackElo "2262"]
[PlyCount "95"]
[EventDate "2024.??.??"]

1. d4 Nf6 2. c4 e6 3. Nc3 Bb4 4. e3 c5 5. Nge2 d5 6. a3 Bxc3+ 7. Nxc3 cxd4 8. exd4 dxc4 9. Bxc4 Nc6 10. Be3 O-O 11. O-O b6 12. Qf3 Bb7 13. Bd3 Qd7 14. Qh3 Ne7 15. Bg5 Ng6 16. Bxf6 gxf6 17. Rad1 Bd5 18. Qh6 f5 19. h4 f6 20. Nxd5 Qxd5 21. Be2 Rad8 22. Rd3 f4 23. Bf3 Qf5 24. Rc3 Rf7 25. Rfc1 e5 26. Rc7 Ne7 27. Rxa7 Qg6 28. Qxg6+ hxg6 29. Rcc7 Kf8 30. dxe5 fxe5 31. Be4 Rg7 32. Bxg6 Rxg6 33. Rxe7 Kg8 34. Red7 Rxd7 35. Rxd7 f3 36. g3 Rc6 37. Rd2 Rc1+ 38. Kh2 Re1 39. g4 Re2 40. Rd8+ Kf7 41. Kg3 e4 42. b4 Ra2 43. Rd4 Re2 44. Rd6 b5 45. Rd5 Ke6 46. Rxb5 Ra2 47. Ra5 e3 48. fxe3 1-0

[Event "Elberfeld - Bielefeld"]
[Site "?"]
[Date "2024.02.18"]
[Round "6.3"]
[White "Goessling, Guido"]
[Black "Dresen, Ulrich"]
[Result "1-0"]
[WhiteElo "2173"]
[BlackElo "2157"]
[PlyCount "103"]
[EventDate "2024.??.??"]

1. e4 e5 2. Nf3 Nc6 3. Bc4 Bc5 4. c3 Nf6 5. d4 exd4 6. cxd4 Bb4+ 7. Nbd2 Nxe4 8. d5 Nxd2 9. Bxd2 Bxd2+ 10. Qxd2 Ne7 11. h4 d6 12. O-O-O O-O 13. h5 c6 14. h6 g6 15. Qd4 f6 16. dxc6+ d5 17. cxb7 Bxb7 18. Bb3 Qb6 19. Kb1 Qxd4 20. Rxd4 a5 21. g4 Ra7 22. Re1 Bc8 23. Rde4 Rf7 24. Rf4 Kf8 25. Bc2 Rc7 26. a3 Bd7 27. Re3 Rc4 28. Rxc4 dxc4 29. Nd2 Bxg4 30. Nxc4 Nd5 31. Re4 Bf3 32. Rd4 Re7 33. Nd2 Bh1 34. f3 Re5 35. Be4 Nf4 36. Nc4 Re8 37. Nxa5 f5 38. Bc6 Ne6 39. Rd1 Bg2 40. Bxe8 Kxe8 41. Rd6 Ng5 42. f4 Nf7 43. Rd2 Be4+ 44. Kc1 Nxh6 45. Rh2 Nf7 46. Rxh7 g5 47. fxg5 Nxg5 48. Rh5 Nf3 49. Nc4 Ke7 50. Nd2 Nxd2 51. Kxd2 Ke6 52. Ke3 1-0

[Event "Elberfeld - Bielefeld"]
[Site "?"]
[Date "2024.02.18"]
[Round "6.4"]
[White "Hintze, Helge"]
[Black "Winkler, Yonathan"]
[Result "1/2-1/2"]
[WhiteElo "2233"]
[BlackElo "2011"]
[PlyCount "71"]
[EventDate "2024.??.??"]

1. Nf3 d5 2. g3 Nf6 3. Bg2 Bg4 4. c4 c6 5. Qb3 Qb6 6. O-O Nbd7 7. d3 e5 8. Qxb6 axb6 9. cxd5 Nxd5 10. h3 Nb4 11. Nc3 Nc2 12. Rb1 Be6 13. Ne1 Nb4 14. a3 Na2 15. Bd2 Nxc3 16. Bxc3 f6 17. Nc2 Bb3 18. Rbc1 Bd6 19. d4 b5 20. dxe5 Bxe5 21. Nd4 Bc4 22. f4 Bc7 23. Rfd1 Nc5 24. Bb4 Bb6 25. Kh2 Nb3 26. Nxb3 Bxb3 27. Rd6 Rd8 28. Rxd8+ Kxd8 29. Bc3 Be3 30. Ba5+ Kc8 31. Rc3 Bd2 32. Rxb3 Bxa5 33. Re3 Kd7 34. Rd3+ Kc7 35. Re3 Kd7 36. Rd3+ 1/2-1/2

[Event "Elberfeld - Bielefeld"]
[Site "?"]
[Date "2024.02.18"]
[Round "6.5"]
[White "Forchert, Niko"]
[Black "Kurr, Gerd"]
[Result "1/2-1/2"]
[WhiteElo "2132"]
[BlackElo "2182"]
[PlyCount "40"]
[EventDate "2024.??.??"]

1. d4 Nf6 2. Nf3 d5 3. Bg5 Ne4 4. Bf4 c6 5. c3 Bf5 6. Qb3 Qb6 7. e3 Nd7 8. Be2 e6 9. Nh4 Bg6 10. Nxg6 hxg6 11. f3 Nd6 12. Nd2 Be7 13. e4 O-O-O 14. O-O-O f5 15. Bd3 Nf7 16. Rde1 Bd6 17. Bxd6 Nxd6 18. h3 Rde8 19. exd5 Qxb3 20. axb3 exd5 1/2-1/2

[Event "Elberfeld - Bielefeld"]
[Site "?"]
[Date "2024.02.18"]
[Round "6.6"]
[White "Noetzel, Frank"]
[Black "Beilfuss, Wilfried"]
[Result "1/2-1/2"]
[WhiteElo "2194"]
[BlackElo "2044"]
[PlyCount "30"]
[EventDate "2024.??.??"]

1. e4 c5 2. Nc3 Nc6 3. Bb5 Nd4 4. Bc4 e6 5. d3 Ne7 6. Nge2 Nec6 7. O-O Be7 8. f4 O-O 9. f5 Nxe2+ 10. Qxe2 Nd4 11. Qf2 b6 12. Bb3 Nxb3 13. axb3 d5 14. Qg3 dxe4 15. dxe4 exf5 1/2-1/2

[Event "Elberfeld - Bielefeld"]
[Site "?"]
[Date "2024.02.18"]
[Round "6.7"]
[White "Roemhild, Marcus"]
[Black "Tymura, Achim"]
[Result "0-1"]
[WhiteElo "2011"]
[BlackElo "2024"]
[PlyCount "62"]
[EventDate "2024.??.??"]

1. c4 e5 2. Nc3 d6 3. g3 f5 4. Bg2 Nf6 5. d3 Be7 6. e3 O-O 7. Nge2 c6 8. O-O Na6 9. Rb1 Qe8 10. b4 Nc7 11. b5 Qh5 12. bxc6 bxc6 13. f4 Ne6 14. h3 Nd8 15. Ba3 e4 16. dxe4 fxe4 17. Nxe4 Bxh3 18. Nf2 Bg4 19. Re1 Rc8 20. Qd3 Re8 21. Nc3 Be6 22. e4 Qf7 23. Bf1 d5 24. exd5 cxd5 25. Nxd5 Bxa3 26. Nxf6+ gxf6 27. Qxa3 Bxc4 28. Rxe8+ Qxe8 29. Bxc4+ Rxc4 30. Qxa7 Ra4 31. Rb8 Rxa7 0-1

[Event "Elberfeld - Bielefeld"]
[Site "?"]
[Date "2024.02.18"]
[Round "6.8"]
[White "Neuer, Thomas"]
[Black "Doering, Carsten"]
[Result "1/2-1/2"]
[WhiteElo "2088"]
[BlackElo "2002"]
[PlyCount "99"]
[EventDate "2024.??.??"]

1. Nf3 Nf6 2. g3 g6 3. b3 Bg7 4. Bb2 O-O 5. Bg2 d6 6. d4 Nbd7 7. O-O Re8 8. Re1 e5 9. dxe5 Ng4 10. Qd2 Ndxe5 11. c4 Nxf3+ 12. Bxf3 Ne5 13. Bh1 a5 14. Nc3 a4 15. Rad1 axb3 16. axb3 Bd7 17. c5 Bc6 18. cxd6 Bxh1 19. Kxh1 cxd6 20. Qxd6 Qc8 21. Kg2 Ra6 22. Qd5 Nc6 23. Qc4 Na5 24. Qxc8 Rxc8 25. Nd5 Re6 26. Bxg7 Kxg7 27. b4 Nc4 28. Rd4 Na3 29. Rd2 Nc2 30. Rb1 Rd6 31. e4 Rc4 32. e5 Rd8 33. Rc1 Rxd5 34. Rxd5 Ne3+ 35. fxe3 Rxc1 36. Rd7 Rc2+ 37. Kf3 Kf8 38. e6 fxe6 39. Rxh7 b6 40. Rb7 Rxh2 41. Rxb6 Kf7 42. Rb8 Rb2 43. b5 Kf6 44. b6 Ke5 45. b7 Rb4 46. g4 g5 47. Ke2 Ke4 48. Kd2 e5 49. Kc3 Rb1 50. Kc2 1/2-1/2

[Event "Lasker Koeln - Dinslaken"]
[Site "?"]
[Date "2024.02.18"]
[Round "6.1"]
[White "Sonnenschein, Philipp"]
[Black "Paris, Michael"]
[Result "0-1"]
[WhiteElo "2186"]
[BlackElo "2139"]
[PlyCount "58"]
[EventDate "2024.??.??"]

1. e4 c5 2. Nf3 Nc6 3. Bb5 e5 4. O-O Bd6 5. c3 a6 6. Ba4 Nge7 7. d4 Qc7 8. dxe5 Bxe5 9. Nxe5 Nxe5 10. f4 b5 11. fxe5 bxa4 12. Na3 O-O 13. Nc4 Qc6 14. Nd6 a5 15. Qh5 Ba6 16. Rxf7 Ng6 17. Rxf8+ Rxf8 18. c4 Bxc4 19. Nxc4 Qxe4 20. Ne3 Nf4 21. Qf3 Qd3 22. Kf2 Ne6 23. Qxf8+ Kxf8 24. Nf1 Qd4+ 25. Ne3 Nf4 26. Kf3 Nd3 27. Ke2 a3 28. Bd2 axb2 29. Rb1 Nxe5 0-1

[Event "Lasker Koeln - Dinslaken"]
[Site "?"]
[Date "2024.02.18"]
[Round "6.2"]
[White "Wiekert, Martin"]
[Black "Sielecki, Christof"]
[Result "1/2-1/2"]
[WhiteElo "2220"]
[BlackElo "2407"]
[PlyCount "104"]
[EventDate "2024.??.??"]

1. d4 d5 2. Nf3 Nf6 3. c3 e6 4. Bf4 Bd6 5. e3 O-O 6. Nbd2 c5 7. Ne5 Nc6 8. Bd3 Qc7 9. Ndf3 cxd4 10. cxd4 Qa5+ 11. Kf1 Nb4 12. Be2 Qb6 13. a3 Na6 14. Qc2 Bd7 15. Nxd7 Nxd7 16. Bxd6 Qxd6 17. g3 Rfc8 18. Qb3 Rc7 19. Kg2 Rac8 20. Rhd1 Nab8 21. Bd3 Nf6 22. Rd2 Nbd7 23. Rc2 Qb6 24. Qxb6 Nxb6 25. Rxc7 Rxc7 26. Kf1 h6 27. Ke2 Ne4 28. Nd2 Nd6 29. Kd1 Na4 30. Rb1 b5 31. Bc2 Nb6 32. b3 Kf8 33. Rc1 Ke7 34. Bd3 Rxc1+ 35. Kxc1 a5 36. Nb1 Kd7 37. Nc3 Kc6 38. Bc2 Nd7 39. Kd2 f5 40. f3 Nf6 41. h4 g5 42. hxg5 hxg5 43. Bd3 Nh5 44. Ne2 Nf6 45. Nc3 g4 46. Be2 gxf3 47. Bxf3 Nf7 48. Ke1 Nd6 49. Kd2 Kb6 50. Ke1 Kb7 51. Be2 Kc6 52. Bf3 Kb6 1/2-1/2

[Event "Lasker Koeln - Dinslaken"]
[Site "?"]
[Date "2024.02.18"]
[Round "6.3"]
[White "Welzel, Philipp"]
[Black "Pawelzik, Malte"]
[Result "0-1"]
[WhiteElo "2207"]
[BlackElo "2136"]
[PlyCount "118"]
[EventDate "2024.??.??"]

1. d4 Nf6 2. c4 g6 3. Nf3 Bg7 4. Nc3 d5 5. cxd5 Nxd5 6. e4 Nxc3 7. bxc3 c5 8. Bb5+ Nc6 9. O-O O-O 10. Bxc6 bxc6 11. Qc2 Qa5 12. Rb1 Ba6 13. Rd1 Bb5 14. Qb2 Rfd8 15. Bg5 Kf8 16. e5 Rd7 17. dxc5 Rad8 18. Rd4 Bd3 19. Rd1 Rxd4 20. Nxd4 Bb5 21. f4 Ke8 22. Rb1 Bd3 23. Qb7 Qxc5 24. Rd1 Be4 25. h3 Bf8 26. Kh2 Qb6 27. Qxb6 axb6 28. Re1 Bd5 29. Rb1 b5 30. Rb2 Ra8 31. Rd2 e6 32. Nb3 Ra4 33. Kg3 Kd7 34. Nc1 Kc7 35. Nb3 Ra3 36. Rb2 c5 37. Kf2 Ra8 38. Ke3 Kc6 39. Bh4 Ra4 40. Rf2 Ra3 41. Rb2 Ra8 42. Be1 Bc4 43. Bf2 Be7 44. Rd2 h5 45. h4 Bd5 46. g3 Ra3 47. Rb2 b4 48. Be1 Bd8 49. Rc2 Bxb3 50. axb3 Rxb3 51. Ke4 Rb1 52. Bf2 b3 53. Rd2 Bc7 54. c4 Rc1 55. Kd3 Ba5 56. Rb2 Rc3+ 57. Ke2 Bb4 58. Be1 Rxc4 59. Bxb4 Rxb4 0-1

[Event "Lasker Koeln - Dinslaken"]
[Site "?"]
[Date "2024.02.18"]
[Round "6.4"]
[White "Nagel, Bernhard"]
[Black "Ossig, Rainer"]
[Result "1/2-1/2"]
[WhiteElo "2159"]
[BlackElo "2179"]
[PlyCount "94"]
[EventDate "2024.??.??"]

1. Nf3 c5 2. g3 Nc6 3. Bg2 g6 4. c4 Bg7 5. Nc3 d6 6. O-O e6 7. e3 Nge7 8. b3 O-O 9. Bb2 b6 10. d4 Bb7 11. dxc5 dxc5 12. Qe2 Nf5 13. Ne4 Qe7 14. Bxg7 Kxg7 15. Qb2+ f6 16. g4 Nb4 17. Nfd2 Nh4 18. g5 Nxg2 19. gxf6+ Rxf6 20. Kxg2 Kg8 21. f3 Rf5 22. Ng3 Rff8 23. Nde4 Qg7 24. Qxg7+ Kxg7 25. Kf2 h6 26. Ke2 Rad8 27. Rad1 Nxa2 28. Ra1 Nb4 29. Rxa7 Rf7 30. Rd1 Rxd1 31. Kxd1 Nc6 32. Ra3 Ne5 33. f4 Ng4 34. Ke2 Nxh2 35. Nd6 Rd7 36. Nxb7 Rxb7 37. Ne4 Ng4 38. Nd6 Rd7 39. Nc8 Nf6 40. Nxb6 Rb7 41. Na4 Ra7 42. Ra2 Nd7 43. Rd2 Kf6 44. Rd6 Rb7 45. Rc6 Rxb3 46. Nxc5 Nxc5 47. Rxc5 g5 1/2-1/2

[Event "Lasker Koeln - Dinslaken"]
[Site "?"]
[Date "2024.02.18"]
[Round "6.5"]
[White "Graeber, Ralf"]
[Black "Pfeffer, Ruprecht"]
[Result "1/2-1/2"]
[WhiteElo "2160"]
[BlackElo "2238"]
[PlyCount "58"]
[EventDate "2024.??.??"]

1. d4 Nf6 2. Nc3 d5 3. Bf4 g6 4. e3 Bg7 5. Be2 c5 6. h4 h6 7. Nf3 a6 8. Ne5 cxd4 9. exd4 Nc6 10. Qd2 Be6 11. h5 g5 12. Nxc6 bxc6 13. Be5 c5 14. f4 gxf4 15. Qxf4 Qb6 16. dxc5 Qxc5 17. O-O-O Kf8 18. Rd3 Ne8 19. Rf1 Bf6 20. Bxf6 Nxf6 21. Qe5 Rc8 22. Bf3 Rh7 23. Rd2 Rg7 24. Ne2 Rg5 25. Qd4 Bg4 26. Bxg4 Rxg4 27. Qxc5 Rxc5 28. Nd4 Rg5 29. Rf5 Rxh5 1/2-1/2

[Event "Lasker Koeln - Dinslaken"]
[Site "?"]
[Date "2024.02.18"]
[Round "6.6"]
[White "Fox, Daniel"]
[Black "Brockhaus, Philip"]
[Result "1-0"]
[WhiteElo "2176"]
[BlackElo "1996"]
[PlyCount "81"]
[EventDate "2024.??.??"]

1. e4 c6 2. Nc3 d5 3. Nf3 dxe4 4. Nxe4 Nf6 5. Qe2 Nxe4 6. Qxe4 Nd7 7. Bc4 Nf6 8. Ne5 e6 9. Qe2 b5 10. Bd3 Qc7 11. a4 Bd6 12. Nxc6 b4 13. Nd4 a6 14. Nf5 O-O 15. Nxd6 Qxd6 16. b3 Qd4 17. Rb1 Bb7 18. Bb2 Qd5 19. f3 Qg5 20. O-O Rfd8 21. Qe3 Qh4 22. g3 Qh3 23. Bxf6 gxf6 24. Qf4 a5 25. Qxf6 Rd5 26. Be4 Rh5 27. Rf2 Bd5 28. c4 bxc3 29. dxc3 Rb8 30. c4 Bxe4 31. fxe4 Rf8 32. Rd1 Qg4 33. Rd8 Qg7 34. Rxf8+ Qxf8 35. Rd2 Rh6 36. Qg5+ Rg6 37. Qxa5 Qa3 38. Rd8+ Kg7 39. Qc3+ Rf6 40. Rd2 Qc5+ 41. Kg2 1-0

[Event "Lasker Koeln - Dinslaken"]
[Site "?"]
[Date "2024.02.18"]
[Round "6.7"]
[White "Kleff, Andre"]
[Black "Cramer, Volker"]
[Result "1/2-1/2"]
[WhiteElo "2099"]
[BlackElo "2045"]
[PlyCount "98"]
[EventDate "2024.??.??"]

1. d4 e6 2. Nf3 Nf6 3. e3 d5 4. Bd3 c5 5. c3 Nc6 6. Nbd2 Bd6 7. O-O O-O 8. dxc5 Bxc5 9. e4 dxe4 10. Nxe4 Be7 11. Qe2 e5 12. Rd1 Qc7 13. h3 g6 14. Bh6 Re8 15. Nfg5 Nxe4 16. Bxe4 Bf8 17. Bxf8 Rxf8 18. Bd5 Qe7 19. Qe3 Kg7 20. Ne4 f5 21. Bxc6 bxc6 22. Qc5 Qxc5 23. Nxc5 Rb8 24. b4 a5 25. a3 Ra8 26. Rd6 axb4 27. cxb4 Rf6 28. Rad1 Rxa3 29. Rxf6 Kxf6 30. Rd6+ Ke7 31. Rxc6 Ra8 32. Rc7+ Kd6 33. Rxh7 Ra1+ 34. Kh2 Rb1 35. Rh8 Kc7 36. Nd3 e4 37. Nf4 g5 38. Nd5+ Kb7 39. Rh7+ Kb8 40. Ne7 Bd7 41. Rg7 Rb2 42. Rxg5 Rxf2 43. Kg1 e3 44. Nd5 f4 45. Re5 Bc6 46. Nxf4 Rxf4 47. Rxe3 Rxb4 48. g4 Rb2 49. Rg3 Kc7 1/2-1/2

[Event "Lasker Koeln  - Dinslaken"]
[Site "?"]
[Date "2024.02.18"]
[Round "6.8"]
[White "Loseries, Uwe"]
[Black "Gorny, Michael"]
[Result "1/2-1/2"]
[WhiteElo "2150"]
[BlackElo "1981"]
[PlyCount "61"]
[EventDate "2024.??.??"]

1. d4 Nf6 2. c4 g6 3. Nc3 d5 4. Nf3 Bg7 5. Bg5 Ne4 6. Bh4 Nxc3 7. bxc3 dxc4 8. Qa4+ Nd7 9. e3 O-O 10. Qxc4 c5 11. Rd1 cxd4 12. cxd4 Qa5+ 13. Rd2 Nf6 14. Qb5 Qc3 15. Qb2 Qa5 16. Bd3 b6 17. O-O Bb7 18. Ne5 Rfc8 19. f3 Qc3 20. Rfd1 Qxb2 21. Rxb2 Rc7 22. Bf2 Rac8 23. e4 e6 24. Be3 Nd7 25. Nxd7 Rxd7 26. Bb5 Rdd8 27. Rbd2 f6 28. Ba4 Bf8 29. Rc2 Rxc2 30. Bxc2 Kf7 31. Bd3 1/2-1/2

[Event "Welper - Münster II"]
[Site "?"]
[Date "2024.02.18"]
[Round "6.1"]
[White "Weidemann, Jakob"]
[Black "Sohlmann, Jan-Henning"]
[Result "1-0"]
[WhiteElo "2076"]
[BlackElo "2228"]
[PlyCount "53"]
[EventDate "2024.??.??"]

1. e4 c5 2. Nf3 d6 3. Bb5+ Nd7 4. O-O Ngf6 5. Re1 a6 6. Bf1 e6 7. c3 Be7 8. a4 b6 9. Na3 Bb7 10. d3 O-O 11. h3 Qc7 12. Bf4 Ne5 13. Nxe5 dxe5 14. Bh2 Nd7 15. d4 Bf6 16. Nc4 cxd4 17. cxd4 b5 18. Nxe5 Bxe5 19. dxe5 bxa4 20. Rc1 Nc5 21. Qxa4 Rfc8 22. Qd4 a5 23. Rc3 Qd7 24. Qd6 Qxd6 25. exd6 Nxe4 26. Rxc8+ Rxc8 27. Rxe4 1-0